| 000 | 00889nam a2200217Ia 4500 | ||
|---|---|---|---|
| 003 | OSt | ||
| 005 | 20250808161902.0 | ||
| 008 | 191128t2004 ck er 000 j spa d | ||
| 020 | _a9588230104 | ||
| 040 |
_aCO-JMCR _cCO-JMCR |
||
| 041 | 0 | _aspa | |
| 082 | 0 | 4 |
_aA-C _bCORc |
| 100 | 1 |
_aCortázar, Julio, _d1914-1984 _eautor _92480 |
|
| 245 | 1 | 0 |
_aCuentos / _cJulio Cortázar |
| 260 |
_aBogotá : _bAlcaldía Mayor de Bogotá : Instituto Distrital de Cultura y Turismo, _c©2004 |
||
| 300 |
_a130 páginas ; _c17 cm. |
||
| 490 | 0 | _aLibro al viento | |
| 505 | _aCasa tomada -- Las babas del diablo -- Continuidad de los parques -- Axolotl -- Instrucciones para llorar -- Conducta en los velorios -- Correos y temecomunicaciones -- Propiedades de un sillón -- La atopista del sur -- La salud de los enfermos | ||
| 650 | 1 | 4 |
_aVida cotidiana en la literatura _xcuentos _92481 |
| 942 |
_2ddc _cBK |
||
| 999 |
_c3757 _d3757 |
||